[Event "South African op"]
[Site "Cape Town"]
[Date "2022.07.13"]
[Round "7"]
[White "Mnyasta, Charlton"]
[Black "Jacobs, Peter John"]
[Result "1-0"]
[WhiteElo "1855"]
[BlackElo "1686"]
[PlyCount "81"]
[EventDate "2022.07.09"]
[EventType "swiss"]
[EventRounds "11"]
[EventCountry "RSA"]
[SourceTitle "CBM 209 Extra"]
[Source "ChessBase"]
[SourceDate "2022.09.30"]
[SourceVersion "1"]
[SourceVersionDate "2022.09.30"]
[SourceQuality "1"]

1. e4 c5 2. Nf3 e6 3. d4 cxd4 4. Nxd4 a6 5. Nc3 Qc7 6. g3 g6 7. Bg2 Bg7 8. 0-0 Ne7 9. Nde2 0-0 10. Bf4 e5 11. Be3 d6 12. a4 Nbc6 13. Qd2 Be6 14. Nd5 Bxd5 15. exd5 Na5 16. b3 f5 17. Qb4 Qxc2 18. Nc1 e4 19. Ra2 Qc7 20. Rd1 b5 21. axb5 axb5 22. Qxb5 Rfb8 23. Qe2 Qb7 24. f3 Nxd5 25. Bd2 Nxb3 26. Rxa8 Rxa8 27. fxe4 Nxd2 28. Rxd2 Qb6+ 29. Kh1 Ne3 30. exf5 Nxg2 31. Qxg2 Ra1 32. Qd5+ Kf8 33. Rc2 Qa6 34. Kg2 Ra5 35. Qe6 Qb7+ 36. Kh3 Ra8 37. fxg6 Bd4 38. Qxd6+ Kg8 39. Qxd4 Rf8 40. Qc4+ Kh8 41. Qc7 1-0